[Event "77. ljubljanska liga 2025"]
[Site "Gostovanja"]
[Date "2025.01.23"]
[Round "2.1"]
[White "Markosek, Bine"]
[Black "Furlan, Miha"]
[Result "0-1"]
[WhiteElo "2070"]
[BlackElo "2183"]
[PlyCount "72"]
[EventDate "2025.01.16"]
[WhiteTeam "SD DOMZALE"]
[BlackTeam "SK TREBNJE BMP"]

1. e4 c5 2. Nf3 d6 3. Bb5+ Bd7 4. Bxd7+ Nxd7 5. O-O Ngf6 6. Re1 e6 7. c3 Be7 8.
d4 O-O 9. Bg5 h6 10. Bh4 Rc8 11. Nbd2 cxd4 12. cxd4 Nb6 13. Nb3 Nc4 14. Qe2 d5
15. Bxf6 Bxf6 16. e5 Be7 17. Rab1 Qb6 18. Rec1 Rc6 19. Rc2 Rfc8 20. Nfd2 a5 21.
Nxc4 dxc4 22. Nc5 Bxc5 23. dxc5 Rxc5 24. Rd1 Qb5 25. f4 Rd5 26. Rxd5 Qxd5 27.
Rd2 Qc5+ 28. Kh1 b5 29. Rd7 b4 30. f5 c3 31. Qh5 Rf8 32. bxc3 bxc3 33. Qd1 c2
34. Qc1 Rb8 35. fxe6 Rb1 36. exf7+ Kh7 0-1

[Event "77. ljubljanska liga 2025"]
[Site "Gostovanja"]
[Date "2025.01.23"]
[Round "2.1"]
[White "Ivanusa, Blaz"]
[Black "Groselj, Petra"]
[Result "1-0"]
[WhiteElo "2058"]
[BlackElo "1944"]
[PlyCount "55"]
[EventDate "2025.01.16"]
[WhiteTeam "SK TREBNJE BMP"]
[BlackTeam "SD DOMZALE"]

1. d4 g6 2. e4 Bg7 3. Nf3 d6 4. Be2 Nf6 5. Nc3 O-O 6. O-O c6 7. a4 Qc7 8. h3 e5
9. dxe5 dxe5 10. Bc4 Nbd7 11. Be3 h6 12. Qd2 Kh7 13. Rfd1 Nh5 14. Qd6 Qxd6 15.
Rxd6 f5 16. Rad1 Ndf6 17. Rd8 Nxe4 18. Nxe4 fxe4 19. Rxf8 Bxf8 20. Rd8 exf3 21.
Rxf8 fxg2 22. Be6 Bxe6 23. Rxa8 Bd5 24. Rxa7 c5 25. Ra5 b6 26. Rb5 Nf4 27. Bxf4
exf4 28. Rxb6 1-0

[Event "77. ljubljanska liga 2025"]
[Site "Gostovanja"]
[Date "2025.01.23"]
[Round "2.1"]
[White "Skube, Zan"]
[Black "Brcar, Matej"]
[Result "0-1"]
[WhiteElo "1877"]
[BlackElo "1968"]
[PlyCount "108"]
[EventDate "2025.01.16"]
[WhiteTeam "SD DOMZALE"]
[BlackTeam "SK TREBNJE BMP"]

1. e4 e5 2. Nf3 Nc6 3. Bb5 a6 4. Ba4 d6 5. c3 Bd7 6. d4 Nge7 7. O-O Ng6 8. Qe2
Be7 9. Rd1 b5 10. Bb3 h6 11. dxe5 dxe5 12. Bd5 Qc8 13. a4 Rb8 14. axb5 axb5 15.
g3 O-O 16. Be3 Bd6 17. c4 bxc4 18. Bxc4 Qb7 19. Nc3 Qxb2 20. Qxb2 Rxb2 21. Nb5
Bg4 22. Kg2 Rd8 23. h3 Bxf3+ 24. Kxf3 Rc2 25. Bd3 Rb2 26. Bc4 Nge7 27. Bc1 Rxb5
28. Bxb5 Nd4+ 29. Rxd4 exd4 30. Bf4 Bxf4 31. gxf4 c5 32. Ra7 Kf8 33. Rc7 d3 34.
Rd7 Rxd7 35. Bxd7 Ng6 36. Ke3 c4 37. Ba4 c3 38. Kxd3 Nxf4+ 39. Kxc3 Nxh3 40. f3
g5 41. Kd3 h5 42. Ke2 Ke7 43. Kf1 h4 44. Kg2 Nf4+ 45. Kh2 Ke6 46. Be8 f6 47.
Kg1 Ke5 48. Bd7 Nd3 49. Bb5 Kd4 50. Kg2 Ke3 51. Kh3 Ne5 52. Ba6 Kxf3 53. Bb7
g4+ 54. Kh2 g3+ 0-1

[Event "77. ljubljanska liga 2025"]
[Site "Gostovanja"]
[Date "2025.01.23"]
[Round "2.1"]
[White "Jaksa, Cvetko"]
[Black "Groselj, Mirjam"]
[Result "1-0"]
[WhiteElo "1926"]
[BlackElo "1413"]
[PlyCount "119"]
[EventDate "2025.01.16"]
[WhiteTeam "SK TREBNJE BMP"]
[BlackTeam "SD DOMZALE"]

1. b3 e5 2. e3 Nf6 3. Bb2 d6 4. d4 exd4 5. Qxd4 Nc6 6. Bb5 Bd7 7. Bxc6 Bxc6 8.
Nf3 Be4 9. Qc4 Bxf3 10. gxf3 Qd7 11. Bxf6 gxf6 12. Qe4+ Be7 13. Qxb7 Qc8 14.
Qxc8+ Rxc8 15. Nc3 f5 16. Nd5 Bf8 17. Rg1 c6 18. Nf4 Be7 19. Nh5 Kd7 20. f4
Rhg8 21. Rxg8 Rxg8 22. Ke2 d5 23. Kf3 Ke6 24. Rd1 Rd8 25. Rd4 a6 26. Ra4 Ra8
27. c4 a5 28. cxd5+ cxd5 29. a3 Ra7 30. b4 Bd8 31. bxa5 Bxa5 32. Ng3 Bb6 33.
Rxa7 Bxa7 34. Ne2 Kd6 35. Ng3 Ke6 36. a4 Bb6 37. Ke2 Ba5 38. Kd3 Bb6 39. Ne2
Kd6 40. Nd4 Kc5 41. Nxf5 Kb4 42. Ne7 Kxa4 43. Nxd5 Bd8 44. Kc4 Ka3 45. e4 Bh4
46. f3 Ka4 47. f5 Ka5 48. Kc5 Ka6 49. Kc6 Ka7 50. e5 h5 51. e6 fxe6 52. fxe6
Kb8 53. Kd7 Bg5 54. f4 Bh4 55. f5 Bg5 56. f6 Bxf6 57. Nxf6 Kb7 58. Nd5 h4 59.
e7 h3 60. e8=Q 1-0

[Event "77. ljubljanska liga 2025"]
[Site "Gostovanja"]
[Date "2025.01.23"]
[Round "2.2"]
[White "Olenik Campa, Rudi"]
[Black "Markoja Jeraj, Sebastijan"]
[Result "1-0"]
[WhiteElo "2290"]
[BlackElo "2232"]
[PlyCount "49"]
[EventDate "2025.01.16"]
[WhiteTeam "SK LJUBLJANA - TAJFUN"]
[BlackTeam "SK DOL PRI LJUBLJANI"]

1. e4 e5 2. Nf3 Nc6 3. Bb5 a6 4. Ba4 Nf6 5. O-O b5 6. Bb3 Bb7 7. Re1 Bc5 8. c3
d6 9. d4 Bb6 10. a4 h6 11. Be3 O-O 12. Na3 exd4 13. cxd4 Re8 14. axb5 axb5 15.
d5 Na5 16. Bxb6 cxb6 17. Bc2 b4 18. Nb5 Rc8 19. Bd3 Rc5 20. Qa4 Nh5 21. Nxd6
Re7 22. Nf5 Re8 23. Qxb4 Nf4 24. Bb5 Rf8 25. Rxa5 1-0

[Event "77. ljubljanska liga 2025"]
[Site "Gostovanja"]
[Date "2025.01.23"]
[Round "2.2"]
[White "Azinovic, Igor"]
[Black "Marinko, Peter"]
[Result "0-1"]
[WhiteElo "1810"]
[BlackElo "2067"]
[PlyCount "92"]
[EventDate "2025.01.16"]
[WhiteTeam "SK DOL PRI LJUBLJANI"]
[BlackTeam "SK LJUBLJANA - TAJFUN"]

1. e4 d6 2. d4 Nf6 3. Nc3 g6 4. Nf3 Bg7 5. Be2 O-O 6. O-O Nc6 7. d5 Nb8 8. h3
c6 9. Be3 a5 10. a4 Na6 11. Qd2 Nb4 12. Rad1 Re8 13. Rfe1 Qc7 14. Nd4 Bd7 15.
Bf3 Rad8 16. Bf4 Bc8 17. Nce2 e5 18. dxe6 fxe6 19. c3 Na6 20. Bg5 Nc5 21. Qc2
e5 22. b4 Ne6 23. Nxe6 Bxe6 24. Ng3 Qf7 25. Rb1 axb4 26. cxb4 h6 27. Be3 Nd7
28. Qd2 Qf8 29. Red1 Nf6 30. Bb6 Rd7 31. Re1 Kh7 32. Qc3 Rf7 33. Rbd1 Bxh3 34.
Rd3 Be6 35. Red1 Nd7 36. Be3 d5 37. Qb2 d4 38. Bc1 Bc4 39. Ra3 Be6 40. a5 Ra8
41. Ne2 g5 42. Bh5 Rxf2 43. Rf3 Rxf3 44. gxf3 Nf6 45. Ng3 Nxh5 46. Nxh5 Qxf3
0-1

[Event "77. ljubljanska liga 2025"]
[Site "Gostovanja"]
[Date "2025.01.23"]
[Round "2.2"]
[White "Juvan, Vid"]
[Black "Repe, Jure"]
[Result "1-0"]
[WhiteElo "1788"]
[BlackElo "1749"]
[PlyCount "99"]
[EventDate "2025.01.16"]
[WhiteTeam "SK LJUBLJANA - TAJFUN"]
[BlackTeam "SK DOL PRI LJUBLJANI"]

1. e4 d5 2. exd5 Nf6 3. d4 Bg4 4. f3 Bf5 5. c4 e6 6. c5 exd5 7. Bb5+ c6 8. Ba4
g6 9. Ne2 Bg7 10. O-O O-O 11. b4 a6 12. Nbc3 h6 13. Ng3 Be6 14. Bc2 Nbd7 15.
Re1 Re8 16. Nce2 Nf8 17. Bf4 Bc8 18. Qd2 Kh7 19. Bd6 Ne6 20. Nf4 Nxd4 21. Qxd4
Ne4 22. Qd1 Nxd6 23. cxd6 Rxe1+ 24. Qxe1 Bxa1 25. Qxa1 Qxd6 26. Nfh5 d4 27. Ne2
Kg8 28. Nhf4 Qxb4 29. Bb3 Be6 30. Nxe6 fxe6 31. Nxd4 Kh7 32. Nxe6 Qe7 33. Qc1
Qf6 34. Qf4 Qxf4 35. Nxf4 g5 36. Bc2+ Kg7 37. Nh5+ Kf7 38. Kf2 b5 39. Be4 Rc8
40. Ke3 c5 41. Kd3 Rd8+ 42. Kc3 Rd4 43. a3 a5 44. Ng3 b4+ 45. axb4 Rxb4 46. Nf5
a4 47. Ne3 Rb3+ 48. Kd2 Ke7 49. Bd5 Rb2+ 50. Kc3 1-0

[Event "77. ljubljanska liga 2025"]
[Site "Gostovanja"]
[Date "2025.01.23"]
[Round "2.2"]
[White "Magerl, Zan"]
[Black "Jaksa, Ema"]
[Result "1/2-1/2"]
[WhiteElo "1678"]
[BlackElo "1727"]
[PlyCount "94"]
[EventDate "2025.01.16"]
[WhiteTeam "SK DOL PRI LJUBLJANI"]
[BlackTeam "SK LJUBLJANA - TAJFUN"]

1. e4 e5 2. Nf3 Nc6 3. d4 exd4 4. Nxd4 Bc5 5. Nb3 Bb6 6. Nc3 d6 7. Qe2 a5 8. a4
Nb4 9. Nd5 Nxd5 10. exd5+ Qe7 11. Bd2 Bf5 12. O-O-O Qxe2 13. Bxe2 Nf6 14. Bb5+
Kf8 15. Be3 Bxe3+ 16. fxe3 Ne4 17. Rhf1 Bg6 18. Nd4 h5 19. Ne6+ Ke7 20. Nxg7
Rag8 21. Nf5+ Bxf5 22. Rxf5 Rxg2 23. Rdf1 Rh7 24. R5f4 Nc5 25. h4 Rg4 26. Be2
Rxf4 27. Rxf4 c6 28. Bf3 cxd5 29. Bxd5 b6 30. b3 Na6 31. Rf5 Nb4 32. Bf3 Rg7
33. Rxh5 Rg1+ 34. Kd2 Rf1 35. Be2 Rf2 36. Rb5 Nxc2 37. Kxc2 Rxe2+ 38. Kd3 Rh2
39. h5 Ke6 40. h6 Rxh6 41. Rxb6 Rh5 42. b4 axb4 43. Rxb4 Ra5 44. e4 d5 45.
exd5+ Kxd5 46. Rf4 Ke5 47. Rxf7 Rxa4 1/2-1/2

[Event "77. ljubljanska liga 2025"]
[Site "Gostovanja"]
[Date "2025.01.23"]
[Round "2.3"]
[White "Butala, Marjan"]
[Black "Gantar, Jan"]
[Result "1/2-1/2"]
[WhiteElo "1916"]
[BlackElo "2193"]
[PlyCount "60"]
[EventDate "2025.01.16"]
[WhiteTeam "DRUSTVO KPSRD KAREL JERAJ"]
[BlackTeam "SK KOMENDA POPOTNIK"]

1. c4 Nf6 2. Nc3 c5 3. g3 g6 4. Bg2 Bg7 5. d3 O-O 6. Nf3 d6 7. O-O Nc6 8. Bd2
Re8 9. Rb1 Bg4 10. h3 Bd7 11. a3 Nd4 12. e4 e5 13. b4 b6 14. Bg5 Qc8 15. Bxf6
Bxf6 16. Nd5 Nxf3+ 17. Qxf3 Bg7 18. g4 Be6 19. Nf6+ Bxf6 20. Qxf6 Qd8 21. Qxd8
Raxd8 22. b5 g5 23. a4 Ra8 24. Rb2 Kf8 25. Ra1 a6 26. bxa6 Rxa6 27. Rab1 Rb8
28. a5 Rxa5 29. Rxb6 Rxb6 30. Rxb6 Ke7 1/2-1/2

[Event "77. ljubljanska liga 2025"]
[Site "Gostovanja"]
[Date "2025.01.23"]
[Round "2.3"]
[White "Lucovnik, Tilen"]
[Black "Kodela, Matjaz"]
[Result "1/2-1/2"]
[WhiteElo "2175"]
[BlackElo "1945"]
[PlyCount "32"]
[EventDate "2025.01.16"]
[WhiteTeam "SK KOMENDA POPOTNIK"]
[BlackTeam "DRUSTVO KPSRD KAREL JERAJ"]

1. e4 c6 2. d3 d5 3. Nd2 e5 4. Ngf3 Bd6 5. d4 exd4 6. exd5 c5 7. Bb5+ Bd7 8.
Qe2+ Ne7 9. Ne4 Qc7 10. c3 O-O 11. Bxd7 Nxd7 12. cxd4 Nxd5 13. Nxd6 Qxd6 14.
O-O Rfe8 15. Qc4 cxd4 16. Qxd4 Qc5 1/2-1/2

[Event "77. ljubljanska liga 2025"]
[Site "Gostovanja"]
[Date "2025.01.23"]
[Round "2.3"]
[White "Stimec, Marjan"]
[Black "Juhant, Igor"]
[Result "0-1"]
[WhiteElo "1853"]
[BlackElo "1970"]
[PlyCount "56"]
[EventDate "2025.01.16"]
[WhiteTeam "DRUSTVO KPSRD KAREL JERAJ"]
[BlackTeam "SK KOMENDA POPOTNIK"]

1. d4 Nf6 2. Nf3 d5 3. e3 Bg4 4. Be2 e6 5. O-O Be7 6. c4 O-O 7. Nc3 c6 8. b3
Nbd7 9. Bb2 Qb6 10. Nd2 Bxe2 11. Qxe2 a6 12. Rfc1 Rfe8 13. Na4 Qc7 14. f4 dxc4
15. bxc4 c5 16. Rf1 b5 17. cxb5 axb5 18. Nxc5 Nxc5 19. dxc5 Bxc5 20. Nb3 Bb6
21. Kh1 Ne4 22. Nd4 Qc4 23. Qg4 h5 24. Qxh5 Rxa2 25. Rac1 Qd3 26. Rcd1 Qxe3 27.
Qxb5 Rb8 28. Nc6 Qg1+ 0-1

[Event "77. ljubljanska liga 2025"]
[Site "Gostovanja"]
[Date "2025.01.23"]
[Round "2.4"]
[White "Lah, Emil"]
[Black "Siraj, Svit"]
[Result "1/2-1/2"]
[WhiteElo "1954"]
[BlackElo "2144"]
[PlyCount "120"]
[EventDate "2025.01.16"]
[WhiteTeam "SK TRZIN BUSCOTRADE"]
[BlackTeam "SD VRHNIKA"]

1. e4 e5 2. Nf3 Nc6 3. Bc4 Bc5 4. O-O d6 5. d3 Nf6 6. h3 h6 7. c3 O-O 8. Re1
Bb6 9. Nbd2 Ne7 10. Nf1 Ng6 11. a4 c6 12. Bb3 Re8 13. Ng3 d5 14. Be3 Bc7 15.
Qc2 Be6 16. Rad1 Qc8 17. Kh2 Nf4 18. Ng1 h5 19. f3 Ng6 20. Rf1 h4 21. N3e2 Nh5
22. Bf2 f5 23. Qd2 Qd8 24. Qc1 f4 25. Bc2 Qg5 26. Qb1 Ng3 27. Rfe1 Bf7 28. b3
Re6 29. Nc1 Nf8 30. Nge2 Rd8 31. Rg1 Red6 32. c4 dxe4 33. dxe4 Rd2 34. Rxd2
Rxd2 35. Re1 Ba5 36. b4 Bxb4 37. Qxb4 Rxc2 38. Qb1 Rxc4 39. Qxb7 Rc2 40. Qb1
Rd2 41. Qb4 Qd8 42. Bxa7 Nxe2 43. Rxe2 Rd1 44. Re1 Qd2 45. Qxd2 Rxd2 46. a5 Bc4
47. Bc5 Nd7 48. Bb4 Rb2 49. Bc3 Rc2 50. Bb4 c5 51. Ba3 Kf7 52. Rd1 Ke8 53. Kg1
g6 54. Kh2 Bb5 55. Kg1 c4 56. Rd5 Bc6 57. Rd6 Bb7 58. a6 Ba8 59. Re6+ Kd8 60.
Rxg6 Kc7 1/2-1/2

[Event "77. ljubljanska liga 2025"]
[Site "Gostovanja"]
[Date "2025.01.23"]
[Round "2.4"]
[White "Zlindra, Aljaz"]
[Black "Krupenko, Peter"]
[Result "1/2-1/2"]
[WhiteElo "1904"]
[BlackElo "1978"]
[PlyCount "118"]
[EventDate "2025.01.16"]
[WhiteTeam "SD VRHNIKA"]
[BlackTeam "SK TRZIN BUSCOTRADE"]

1. e4 e5 2. Nc3 Nc6 3. Bc4 d6 4. d3 Na5 5. Qf3 Nxc4 6. dxc4 Nf6 7. h3 Be6 8. b3
Be7 9. Nge2 O-O 10. O-O h6 11. Be3 b6 12. Rad1 Nh7 13. Ng3 Bg5 14. Nd5 Rc8 15.
Nf5 Bxf5 16. Qxf5 Re8 17. b4 Nf8 18. Rd3 Ne6 19. Rfd1 Bxe3 20. Rxe3 Nd4 21. Qh5
Qg5 22. Qxg5 hxg5 23. Ra3 Nc6 24. Rg3 f6 25. c3 Kf7 26. Rgd3 Red8 27. Ne3 g6
28. Nd5 Ne7 29. Ne3 Nc6 30. f3 Ke8 31. Kf2 Ke7 32. Ke2 Ke6 33. Nc2 Ke7 34. Na1
a5 35. a3 axb4 36. cxb4 Ra8 37. Nc2 Ke8 38. b5 Na5 39. Ne3 Rdc8 40. Rh1 Kf7 41.
Rc3 Nb7 42. Nd5 Nc5 43. h4 g4 44. h5 g5 45. h6 Ra7 46. h7 Rh8 47. Rh6 Nd7 48.
fxg4 Kg7 49. Rch3 Ra4 50. Nxc7 Rxc4 51. Ne8+ Rxe8 52. h8=Q+ Rxh8 53. Rxh8 Nf8
54. Kd3 Ra4 55. Rh1 Rd4+ 56. Ke3 Ra4 57. Kd3 Rd4+ 58. Ke3 Ra4 59. Kd3 Rd4+
1/2-1/2

[Event "77. ljubljanska liga 2025"]
[Site "Gostovanja"]
[Date "2025.01.23"]
[Round "2.4"]
[White "Raspor, Gregor"]
[Black "Omahen, Gasper"]
[Result "0-1"]
[WhiteElo "1962"]
[BlackElo "1930"]
[PlyCount "106"]
[EventDate "2025.01.16"]
[WhiteTeam "SK TRZIN BUSCOTRADE"]
[BlackTeam "SD VRHNIKA"]

1. d4 d5 2. c4 c6 3. Nf3 Nf6 4. Nc3 e6 5. Bg5 dxc4 6. e4 b5 7. e5 h6 8. Bh4 g5
9. Nxg5 hxg5 10. Bxg5 Nbd7 11. g3 Qb6 12. exf6 Bb7 13. Bg2 c5 14. d5 O-O-O 15.
O-O b4 16. dxe6 Bxg2 17. e7 Bxf1 18. Nd5 Qe6 19. exd8=Q+ Kxd8 20. Kxf1 Rxh2 21.
Kg1 Rh8 22. Nf4 Qe4 23. Ng2 Kc8 24. Qe1 Qxe1+ 25. Rxe1 Bh6 26. Bxh6 Rxh6 27.
Re4 Rxf6 28. Ne3 Ra6 29. Nxc4 Rxa2 30. Re8+ Kc7 31. Re7 f6 32. g4 a5 33. f4 Kd8
34. Re6 a4 35. g5 fxg5 36. fxg5 Nf8 37. Rc6 a3 38. bxa3 bxa3 39. Rxc5 Ra1+ 40.
Kg2 a2 41. Rd5+ Ke7 42. Rd2 Rg1+ 43. Kxg1 a1=Q+ 44. Kf2 Kf7 45. Re2 Qd4+ 46.
Ne3 Ne6 47. Ke1 Kg6 48. Nc2 Qg1+ 49. Kd2 Qxg5+ 50. Ne3 Nf4 51. Rf2 Qa5+ 52. Kd1
Qa1+ 53. Kd2 Qd4+ 0-1

[Event "77. ljubljanska liga 2025"]
[Site "Gostovanja"]
[Date "2025.01.23"]
[Round "2.4"]
[White "Sever, Gasper"]
[Black "Krumpak, Hinko"]
[Result "0-1"]
[WhiteElo "1759"]
[BlackElo "1962"]
[PlyCount "64"]
[EventDate "2025.01.16"]
[WhiteTeam "SD VRHNIKA"]
[BlackTeam "SK TRZIN BUSCOTRADE"]

1. e4 g6 2. d4 Bg7 3. Be3 d6 4. Nc3 a6 5. Qd2 b5 6. O-O-O Nd7 7. h4 Bb7 8. f3
h6 9. g4 Rc8 10. Bh3 e6 11. Nge2 Ne7 12. Ng3 d5 13. h5 g5 14. e5 c5 15. Rhe1
cxd4 16. Bxd4 Qc7 17. Kb1 Bxe5 18. Nge2 Nc6 19. a3 O-O 20. Be3 Na5 21. Bd4 Nc4
22. Qd3 Nc5 23. Bxc5 Qxc5 24. Nd4 Bxd4 25. Qxd4 Nxa3+ 26. bxa3 Qxd4 27. Rxd4
Rxc3 28. Rd3 Rfc8 29. Rc1 Rxd3 30. cxd3 Rxc1+ 31. Kxc1 d4 32. Bg2 Bd5 0-1

[Event "77. ljubljanska liga 2025"]
[Site "Gostovanja"]
[Date "2025.01.23"]
[Round "2.5"]
[White "Trivuncevic, Bosko"]
[Black "Novakovic, Julian"]
[Result "0-1"]
[WhiteElo "1908"]
[BlackElo "1939"]
[PlyCount "48"]
[EventDate "2025.01.16"]
[WhiteTeam "SK LOSKA DOLINA"]
[BlackTeam "ZELENCI LPP"]

1. e4 d6 2. f4 g6 3. d4 Bg7 4. Nf3 Nf6 5. Nc3 c5 6. e5 Nfd7 7. exd6 O-O 8. dxe7
Re8 9. Na4 Nb6 10. Nxb6 Rxe7+ 11. Be2 Qxb6 12. dxc5 Qxc5 13. Qd8+ Bf8 14. Ne5
Nc6 15. Nxc6 bxc6 16. Qd3 Bg4 17. b4 Qb6 18. Bb2 Rxe2+ 19. Qxe2 Bxe2 20. Kxe2
Re8+ 21. Kf3 Qe3+ 22. Kg4 h5+ 23. Kg5 Be7+ 24. Bf6 Bxf6+ 0-1

[Event "77. ljubljanska liga 2025"]
[Site "Gostovanja"]
[Date "2025.01.23"]
[Round "2.5"]
[White "Ribicic, Marko"]
[Black "Kutin, Boris"]
[Result "1/2-1/2"]
[WhiteElo "1835"]
[BlackElo "1752"]
[PlyCount "52"]
[EventDate "2025.01.16"]
[WhiteTeam "ZELENCI LPP"]
[BlackTeam "SK LOSKA DOLINA"]

1. e4 c6 2. Nf3 d5 3. Nc3 Bg4 4. exd5 cxd5 5. d4 Nc6 6. Be2 e6 7. Bf4 a6 8. a3
Nf6 9. Ne5 Bf5 10. Bf3 Qb6 11. Nxc6 Qxc6 12. O-O Be7 13. Re1 Rd8 14. Bg5 Ne4
15. Bxe4 dxe4 16. Bxe7 Kxe7 17. Qd2 Rhe8 18. Qg5+ Kf8 19. Rad1 Bg6 20. Qc5+ Rd6
21. g4 Red8 22. Qxc6 Rxc6 23. Rd2 Rdc8 24. Red1 b5 25. d5 exd5 26. Rxd5 Rc5
1/2-1/2

[Event "77. ljubljanska liga 2025"]
[Site "Gostovanja"]
[Date "2025.01.23"]
[Round "2.5"]
[White "Mulec, Dejan"]
[Black "Becic, Semso"]
[Result "1/2-1/2"]
[WhiteElo "1705"]
[BlackElo "1756"]
[PlyCount "58"]
[EventDate "2025.01.16"]
[WhiteTeam "SK LOSKA DOLINA"]
[BlackTeam "ZELENCI LPP"]

1. d4 d5 2. Nf3 Nc6 3. e3 Bg4 4. a3 e6 5. Bd3 Nf6 6. Nbd2 Bd6 7. c4 O-O 8. Qc2
dxc4 9. Nxc4 Ne7 10. Nfe5 Bh5 11. Be2 Bg6 12. Nxg6 Nxg6 13. O-O Nd5 14. Nxd6
cxd6 15. Qd3 Kh8 16. Bd2 Nde7 17. Rac1 Qb6 18. Rc2 Rac8 19. Rfc1 Rxc2 20. Rxc2
Rc8 21. b4 h6 22. Rxc8+ Nxc8 23. Qc4 Nce7 24. a4 Nf8 25. b5 Nd7 26. a5 Qd8 27.
Bb4 Nc8 28. g4 Kh7 29. e4 g6 1/2-1/2

[Event "77. ljubljanska liga 2025"]
[Site "Gostovanja"]
[Date "2025.01.23"]
[Round "2.5"]
[White "Levacic, Matic"]
[Black "Soba, Franc"]
[Result "1-0"]
[WhiteElo "1666"]
[BlackElo "1495"]
[PlyCount "51"]
[EventDate "2025.01.16"]
[WhiteTeam "ZELENCI LPP"]
[BlackTeam "SK LOSKA DOLINA"]

1. e4 c6 2. d4 d5 3. Nc3 dxe4 4. Nxe4 Bf5 5. Ng3 Bg6 6. Bc4 Nf6 7. N1e2 e6 8.
Nf4 Be4 9. Nxe4 Nxe4 10. c3 Bd6 11. O-O Qc7 12. Qg4 O-O 13. Nxe6 fxe6 14. Qxe6+
Kh8 15. Qxe4 Bxh2+ 16. Kh1 Bg3 17. fxg3 Rxf1+ 18. Bxf1 Nd7 19. Bf4 Qd8 20. Bd3
Nf6 21. Qf5 Qe8 22. Be5 Qh5+ 23. Qxh5 Nxh5 24. Rf1 Kg8 25. Bc4+ Kh8 26. g4 1-0

[Event "77. ljubljanska liga 2025"]
[Site "Gostovanja"]
[Date "2025.01.23"]
[Round "2.6"]
[White "Sajovic, Marko"]
[Black "Lanjscek, Miha"]
[Result "1-0"]
[WhiteElo "2054"]
[BlackElo "1836"]
[PlyCount "69"]
[EventDate "2025.01.16"]
[WhiteTeam "SK MEDVODE"]
[BlackTeam "SK TRZIN"]

1. e4 c5 2. Nf3 d6 3. c3 Nf6 4. Qc2 e5 5. Bc4 Be7 6. h3 Nc6 7. d3 O-O 8. O-O
Na5 9. Nbd2 Ne8 10. a3 Nxc4 11. Nxc4 f5 12. b4 cxb4 13. axb4 fxe4 14. dxe4 Bxh3
15. Ncxe5 Be6 16. Nd4 Qc8 17. Nxe6 Qxe6 18. Nf3 Qg4 19. Nd4 h5 20. f3 Qg6 21.
f4 d5 22. f5 Qf6 23. Qb3 Bd6 24. Qxd5+ Kh8 25. Bf4 Bxf4 26. Rxf4 Nc7 27. Qxb7
Qe5 28. Raf1 a5 29. bxa5 Rxa5 30. Qb4 Rfa8 31. f6 Ra1 32. fxg7+ Kxg7 33. Rf7+
Kg6 34. Qb6+ Kg5 35. Nf3+ 1-0

[Event "77. ljubljanska liga 2025"]
[Site "Gostovanja"]
[Date "2025.01.23"]
[Round "2.6"]
[White "Konvalinka, Kostja"]
[Black "Porenta, Matija"]
[Result "1/2-1/2"]
[WhiteElo "1743"]
[BlackElo "1841"]
[PlyCount "109"]
[EventDate "2025.01.16"]
[WhiteTeam "SK TRZIN"]
[BlackTeam "SK MEDVODE"]

1. e4 c5 2. Nf3 d6 3. d4 cxd4 4. Qxd4 Nc6 5. Bb5 Bd7 6. Bxc6 Bxc6 7. Nc3 Nf6 8.
Bg5 e6 9. O-O Be7 10. Rad1 d5 11. e5 Nd7 12. Bxe7 Qxe7 13. Rfe1 O-O 14. Qh4
Qxh4 15. Nxh4 Rfd8 16. Nf3 Rac8 17. Nd4 a6 18. a3 Nb6 19. b3 Be8 20. Nb1 Kf8
21. Re3 Rc7 22. Rdd3 Rdc8 23. Rc3 Ke7 24. Rxc7+ Rxc7 25. Rc3 Rxc3 26. Nxc3 f6
27. exf6+ gxf6 28. Nd1 Bg6 29. g4 h5 30. h3 hxg4 31. hxg4 Kd6 32. Ne3 Be4 33.
f3 Bg6 34. c3 Nd7 35. Kf2 Nc5 36. b4 Na4 37. Ne2 Bd3 38. Nc1 Bb5 39. Nd1 Bc4
40. Ke3 e5 41. Kd2 Ke6 42. Ne3 Nb6 43. Kc2 d4 44. cxd4 exd4 45. Nxc4 Nxc4 46.
Ne2 Kd5 47. Nf4+ Kd6 48. Kd3 Ne5+ 49. Kxd4 Nxf3+ 50. Ke4 Nh4 51. Nh5 Ke6 52.
Ng7+ Kd7 53. Kd5 Nf3 54. Ke4 Nh4 55. Kd5 1/2-1/2

[Event "77. ljubljanska liga 2025"]
[Site "Gostovanja"]
[Date "2025.01.23"]
[Round "2.6"]
[White "Jese, Janez"]
[Black "Banko, Franci"]
[Result "1-0"]
[WhiteElo "1798"]
[BlackElo "1636"]
[PlyCount "75"]
[EventDate "2025.01.16"]
[WhiteTeam "SK MEDVODE"]
[BlackTeam "SK TRZIN"]

1. e4 c5 2. Nf3 Nc6 3. b4 b6 4. b5 Nd4 5. Bc4 e6 6. e5 d6 7. Nxd4 cxd4 8. Qf3
Rb8 9. Qe2 Bb7 10. f4 dxe5 11. fxe5 Qh4+ 12. Kd1 Nh6 13. g3 Qh3 14. Re1 Ng4 15.
Bd3 Bc5 16. Ba3 Nxh2 17. Be4 Bxe4 18. Qxe4 Qg4+ 19. Qxg4 Nxg4 20. Bxc5 bxc5 21.
a4 O-O 22. Na3 f6 23. exf6 Rxf6 24. Nc4 Rd8 25. a5 d3 26. b6 e5 27. b7 Ra6 28.
cxd3 Nf2+ 29. Kc2 Nxd3 30. Re4 Nb4+ 31. Kd1 Nc6 32. Rb1 Rb8 33. Rb5 g6 34. Nxe5
Nd4 35. Rxc5 Rd6 36. Rc8+ Rxc8 37. bxc8=Q+ Kg7 38. Qc7+ 1-0

[Event "77. ljubljanska liga 2025"]
[Site "Gostovanja"]
[Date "2025.01.23"]
[Round "2.7"]
[White "Veskovic, Dzemal"]
[Black "Babarovic, Fran"]
[Result "0-1"]
[WhiteElo "1876"]
[BlackElo "1788"]
[PlyCount "158"]
[EventDate "2025.01.16"]
[WhiteTeam "SD MENGES - TRZIN"]
[BlackTeam "SK KOMENDA POGI"]

1. e4 c5 2. Nf3 e6 3. d4 cxd4 4. Nxd4 Nc6 5. Nxc6 bxc6 6. Be2 d5 7. exd5 cxd5
8. O-O Bd6 9. Bb5+ Bd7 10. Bxd7+ Qxd7 11. Nc3 Nf6 12. Bg5 Be5 13. Bxf6 Bxf6 14.
Qd3 O-O 15. Rab1 Rab8 16. b3 Rfc8 17. Na4 Qc7 18. c4 dxc4 19. bxc4 Rxb1 20.
Rxb1 Be5 21. g3 Qxc4 22. Qd7 Qc6 23. Rb7 Qxd7 24. Rxd7 Kf8 25. Rxa7 Bd4 26. Ra6
Rc2 27. a3 Ra2 28. Nb6 Bxf2+ 29. Kh1 Bxb6 30. Rxb6 Rxa3 31. Kg2 Ke7 32. h4 Kf6
33. g4 h6 34. Rb7 g5 35. h5 Ra4 36. Kg3 Rf4 37. Rc7 Ke5 38. Rc5+ Kd6 39. Rc8
Rf6 40. Rd8+ Kc5 41. Re8 Kd4 42. Ra8 Ke5 43. Ra5+ Kd6 44. Ra6+ Ke7 45. Ra7+ Kf8
46. Ra8+ Kg7 47. Ra7 Rf1 48. Rb7 Ra1 49. Rc7 Ra3+ 50. Kg2 Ra8 51. Kf3 Kg8 52.
Ke4 Ra4+ 53. Kf3 Ra3+ 54. Kg2 Ra8 55. Kf3 Rf8 56. Re7 Rb8 57. Ke4 Rb4+ 58. Kf3
Rf4+ 59. Kg3 f5 60. Rxe6 Rxg4+ 61. Kf3 Rh4 62. Rxh6 Rh3+ 63. Kg2 g4 64. Rg6+
Kf7 65. Rg5 Kf6 66. Rg6+ Ke5 67. h6 Kf4 68. Kg1 g3 69. Kg2 Rh2+ 70. Kg1 Kf3 71.
Rb6 f4 72. Ra6 Kg4 73. Rg6+ Kf5 74. Ra6 f3 75. Ra5+ Kg4 76. Ra4+ Kh3 77. h7 f2+
78. Kf1 Rh1+ 79. Ke2 f1=Q+ 0-1

[Event "77. ljubljanska liga 2025"]
[Site "Gostovanja"]
[Date "2025.01.23"]
[Round "2.7"]
[White "Macek, Inti"]
[Black "Sedlar, Tomo"]
[Result "1/2-1/2"]
[WhiteElo "1697"]
[BlackElo "1888"]
[PlyCount "78"]
[EventDate "2025.01.16"]
[WhiteTeam "SK KOMENDA POGI"]
[BlackTeam "SD MENGES - TRZIN"]

1. d4 d5 2. Nf3 Nf6 3. c4 c6 4. e3 Bf5 5. Nc3 e6 6. Be2 Bd6 7. O-O Nbd7 8. b3
O-O 9. Bb2 Ne4 10. Nxe4 Bxe4 11. a3 f5 12. g3 Bxf3 13. Bxf3 Nf6 14. Qe2 Ne4 15.
Bg2 Qg5 16. c5 Bc7 17. b4 a6 18. a4 h5 19. f4 Qg6 20. Bf3 Nf6 21. Kh1 Kf7 22.
Bc3 Rh8 23. Rg1 Ng4 24. Bxg4 hxg4 25. Kg2 Rh3 26. Rh1 Rah8 27. Kg1 Qh6 28. Qg2
g5 29. Bd2 gxf4 30. exf4 Qf6 31. Qf2 R8h6 32. Be3 Bd8 33. Rd1 Qh8 34. Qg2 Bf6
35. Rd2 Bh4 36. Bf2 Bf6 37. Be3 Ke7 38. Rd1 Kd7 39. a5 Bh4 1/2-1/2

[Event "77. ljubljanska liga 2025"]
[Site "Gostovanja"]
[Date "2025.01.23"]
[Round "2.7"]
[White "Simicak, Metod"]
[Black "More, Erlend"]
[Result "1-0"]
[WhiteElo "1859"]
[BlackElo "1752"]
[PlyCount "79"]
[EventDate "2025.01.16"]
[WhiteTeam "SD MENGES - TRZIN"]
[BlackTeam "SK KOMENDA POGI"]

1. e4 Nf6 2. e5 Nd5 3. c4 Nb6 4. b4 Nc6 5. Qb3 d6 6. c5 dxc5 7. bxc5 Nd4 8. Qb2
Na4 9. Bb5+ Nxb5 10. Qxb5+ Qd7 11. Qxd7+ Bxd7 12. d4 b6 13. cxb6 cxb6 14. Ne2
Bb5 15. Nbc3 Nxc3 16. Nxc3 Bd3 17. Kd2 Bc4 18. Ba3 e6 19. Bxf8 Rxf8 20. Ne4 Kd7
21. f3 Rac8 22. Nd6 Rc6 23. Rhc1 Bd5 24. a4 a6 25. Rc3 f6 26. Rac1 fxe5 27.
dxe5 Rf4 28. Rxc6 Bxc6 29. Rc4 Rxc4 30. Nxc4 Kc7 31. Nb2 Bd5 32. Ke3 Kc6 33. g4
Kc5 34. f4 g6 35. h4 Kb4 36. Kd4 Bb3 37. h5 gxh5 38. f5 Bc2 39. Nd3+ Ka5 40. f6
1-0